000
00319nam a22001337a 4500
020
_a
978-8186906231
041
_a
ENG
100
_a
Agarwal.A
245
_a
Global Environmental Negotiatons 2
260
_a
Delhi
_b
Centre For Science And Environment
_c
1996
300
_a
441
650
_a
SWCE
856
_u
SWCE ( 24 )
999
_c
1808
_d
1808